[Event "Sherbrooke CC-ch"]
[Site "Sherbrooke"]
[Date "2005.04.29"]
[Round "3"]
[White "Grenier, Jean Pierre"]
[Black "Germain, Emile"]
[Result "1-0"]
[WhiteElo "1635"]
[BlackElo "1438"]
[PlyCount "65"]
[EventDate "2005.04.15"]
[EventType "swiss"]
[EventRounds "5"]
[EventCountry "CAN"]
[SourceTitle "EXT 2006"]
[Source "ChessBase"]
[SourceDate "2005.11.24"]
[SourceVersion "1"]
[SourceVersionDate "2005.11.24"]
[SourceQuality "1"]

1. d4 d5 2. Nf3 Nf6 3. e3 Bf5 4. c4 e6 5. c5 g6 6. Nc3 Bg7 7. Nh4 0-0 8. h3 g5 9. Nxf5 exf5 10. g4 Qd7 11. gxf5 Qxf5 12. Bd3 Ne4 13. Qc2 Re8 14. Nxe4 dxe4 15. Be2 Qd7 16. Bg4 f5 17. Qc4+ Kh8 18. Bh5 Re7 19. b4 Nc6 20. b5 Na5 21. Qc3 b6 22. c6 Qd5 23. Ba3 Re5 24. dxe5 Bxe5 25. Qc1 Bxa1 26. Qxa1+ Kg8 27. Qf6 Nc4 28. Qxg5+ Kh8 29. Be7 Qd2+ 30. Kf1 Qd3+ 31. Be2 Nd2+ 32. Kg2 Qc3 33. Bf6+ 1-0

[Event "Sherbrooke Perpetuelles 7-12"]
[Site "Sherbrooke"]
[Date "2004.11.19"]
[Round "3"]
[White "Jolin, Fernand"]
[Black "Germain, Emile"]
[Result "1-0"]
[WhiteElo "1438"]
[BlackElo "1462"]
[PlyCount "67"]
[EventDate "2004.??.??"]
[EventType "swiss"]
[EventRounds "6"]
[EventCountry "CAN"]
[SourceTitle "EXT 2006"]
[Source "ChessBase"]
[SourceDate "2005.11.24"]
[SourceVersion "1"]
[SourceVersionDate "2005.11.24"]
[SourceQuality "1"]

1. Nf3 Nf6 2. g3 d5 3. d4 Nbd7 4. Bg2 c6 5. 0-0 h6 6. c3 Ng4 7. Nbd2 g5 8. e4 dxe4 9. Nxe4 Ngf6 10. Nxf6+ Nxf6 11. Ne5 Qc7 12. Qf3 Bd7 13. Nxd7 Qxd7 14. Re1 Bg7 15. b3 e6 16. Bb2 0-0-0 17. c4 Ne8 18. Rad1 Nd6 19. a4 Qc7 20. Ba3 Nf5 21. d5 Nd4 22. Qd3 Qb6 23. c5 Qc7 24. d6 Qa5 25. Bb2 e5 26. Bxd4 exd4 27. Qf5+ Rd7 28. Re7 Rhd8 29. Bh3 Kb8 30. Rxd7 Re8 31. Re7 Rd8 32. d7 Bf8 33. Re8 b6 34. Rxd8+ 1-0

[Event "Sherbrooke Perpetuelles 1-6"]
[Site "Sherbrooke"]
[Date "2004.09.17"]
[Round "2"]
[White "Germain, Emile"]
[Black "Jolin, Fernand"]
[Result "0-1"]
[WhiteElo "1517"]
[BlackElo "1441"]
[PlyCount "108"]
[EventDate "2004.??.??"]
[EventType "swiss"]
[EventRounds "6"]
[EventCountry "CAN"]
[SourceTitle "EXT 2006"]
[Source "ChessBase"]
[SourceDate "2005.11.24"]
[SourceVersion "1"]
[SourceVersionDate "2005.11.24"]
[SourceQuality "1"]

1. e4 e5 2. Nf3 d6 3. Bc4 g6 4. d3 Bg7 5. Nc3 c6 6. Ng5 Nh6 7. h3 Bf6 8. Nf3 b5 9. Bxb5 cxb5 10. Bxh6 a6 11. 0-0 Be6 12. Qd2 Nc6 13. Ng5 Bxg5 14. Bxg5 f6 15. Bh6 g5 16. h4 Rg8 17. hxg5 fxg5 18. Qe2 Rg6 19. Qh5 Qf6 20. Nd5 Bxd5 21. exd5 Nd4 22. f4 exf4 23. Rae1+ Kd7 24. Bxg5 Qxg5 25. Qxh7+ Rg7 26. Qh3+ Qg4 27. Qxg4+ Rxg4 28. c3 Nc2 29. Re4 Rf8 30. Rf2 Na1 31. Re1 Rg3 32. Rxa1 Rxd3 33. Raf1 Rxd5 34. Rxf4 Re8 35. c4 Rc5 36. cxb5 axb5 37. b4 Rc4 38. a3 Kc6 39. Rxc4+ bxc4 40. a4 c3 41. Rc1 Re3 42. Kf2 Rd3 43. g4 d5 44. g5 d4 45. g6 Re3 46. g7 Re8 47. Rg1 c2 48. g8Q Rxg8 49. Rxg8 d3 50. Rc8+ Kd7 51. Rc3 d2 52. Rd3+ Kc7 53. Rc3+ Kb6 54. Rxc2 d1Q 0-1